Verset írni magányos gyönyörűség az irodalom nem egy elvont, távoli dolog ...

Bibliographic Details
Main Authors: Vrabec, Mária, 1970- (Author, Interviewer), Tóth, Krisztina, 1967- (Author)
Format: Article
Language:Hungarian
Slovak
PhysicalDescription:Fotogr.
Subjects:

MARC

LEADER 00000nab a2200000 ar4500
001 vtls008306323
003 SK-MaSNL
005 20260319070441.0
008 051010c20051008xo |||||| | 000 b|hun
015 |a SNBRB2005/10  |2 snkbucl 
038 |a SNKBUCL 
040 |a DSZK  |b slo  |c DSZK  |e AACR2 
041 0 |a slo 
044 |a xo  |c SK 
080 |a 82:929:821.511.141  |2 UDC-MRF-SK2 
080 |a 821.511.141:929  |2 UDC-MRF-SK2 
100 1 |a Vrabec, Mária,  |d 1970-   |4 ivr  |4 aut  |9 102331 
245 1 0 |a Verset írni magányos gyönyörűség  |b az irodalom nem egy elvont, távoli dolog ...  |c Vrabec Mária, Tóth Krisztina 
300 |b Fotogr. 
600 1 7 |a Tóth, Krisztina,  |d 1967-  |2 snkbucl  |9 108781 
700 1 |a Tóth, Krisztina,  |d 1967-  |4 ive  |4 aut  |9 108781 
773 0 |t Új szó  |g Évf. 58, sz. 233 (8.10.2005), o. 9 
852 |a SNK  |b KIS3GCP 
852 |a DSZK  |b KIS3GCP 
958 |a HU 
958 |a LX 
999 |c 1767804  |d 1769734